000 01295nam a2200337Ia 4500
001 ebr10326829
003 CaPaEBR
006 m u
007 cr cn|||||||||
008 971010s1997 enk sb 001 0 eng d
020 _z9780761950264
020 _z0761950257
020 _z0761950265 (pbk.)
040 _aCaPaEBR
_cCaPaEBR
035 _a(OCoLC)669513451
050 1 4 _aJA75.7
_b.P74 1997eb
100 1 _aPreston, P. W.
_q(Peter Wallace),
_d1949-
245 1 0 _aPolitical/cultural identity
_h[electronic resource] :
_bcitizens and nations in a global era /
_cP.W. Preston.
246 3 _aPolitical cultural identity
250 _a1st ed.
260 _aLondon ;
_aThousand Oaks, CA :
_bSage,
_c1997.
300 _aviii, 198 p.
504 _aIncludes bibliographical references (p. [188]-193) and index.
533 _aElectronic reproduction.
_bPalo Alto, Calif. :
_cebrary,
_d2009.
_nAvailable via World Wide Web.
_nAccess may be limited to ebrary affiliated libraries.
650 0 _aPolitical culture.
650 0 _aPolitics and culture.
650 0 _aGroup identity.
655 7 _aElectronic books.
_2local
710 2 _aebrary, Inc.
856 4 0 _uhttp://site.ebrary.com/lib/rucke/Doc?id=10326829
_zAn electronic book accessible through the World Wide Web; click to view
999 _c56102
_d56102